[Event "MCR senioru 2014 - nad 50 let"]
[Site "Rychnov nad Kneznou"]
[Date "2014.08.23"]
[Round "8.7"]
[White "Nìmec, Otakar"]
[Black "Kubelová, Soòa"]
[Result "1/2-1/2"]
[WhiteElo "1866"]
[BlackElo "1624"]
[PlyCount "162"]
[EventDate "2014.08.16"]

1. e4 c5 2. c3 e6 3. d4 cxd4 4. cxd4 d6 5. Nf3 b6 6. Nc3 Bb7 7. Bd3 Nd7 8. O-O
Ne7 9. Bg5 f6 10. Bd2 Ng6 11. h4 Ne7 12. Re1 a6 13. Rc1 g6 14. Qb3 e5 15. Bc4
Bg7 16. Bf7+ Kf8 17. Bc4 b5 18. Bf1 Nc6 19. Be3 Qe7 20. dxe5 Ncxe5 21. Nxe5
fxe5 22. g3 Nc5 23. Bxc5 dxc5 24. Nd5 Bxd5 25. Qxd5 Rc8 26. Bh3 Rc7 27. Red1
Bf6 28. Qa8+ Kg7 29. Qxa6 b4 30. Rd5 Bxh4 31. gxh4 Qxh4 32. Bg2 Rf8 33. Qe2 c4
34. f3 Qg3 35. Qf2 Qf4 36. Qd2 Qg3 37. Rd7+ Rxd7 38. Qxd7+ Kh8 39. Rxc4 Qe1+
40. Kh2 Qh4+ 41. Qh3 Qf4+ 42. Kh1 Qd2 43. Rc8 Rxc8 44. Qxc8+ Kg7 45. Qc7+ Kg8
46. Qc8+ Kg7 47. Qc7+ Kg8 48. Qc4+ Kg7 49. Qc5 Qe1+ 50. Kh2 Qh4+ 51. Bh3 Qf4+
52. Kg2 Qg5+ 53. Kh1 Qf4 54. Qf2 Qc1+ 55. Qf1 Qxb2 56. Be6 Qd2 57. Kg1 Qe3+ 58.
Qf2 Qc1+ 59. Kg2 Qg5+ 60. Kf1 Qc1+ 61. Qe1 Qa3 62. Bb3 Qa6+ 63. Qe2 Qc8 64. Qd2
Qf8 65. Ke2 h5 66. Qd7+ Kh6 67. Bf7 Qc5 68. Qd2+ g5 69. Qd3 h4 70. Qa6+ Kg7 71.
Qg6+ Kf8 72. Qg8+ Ke7 73. Qe8+ Kd6 74. Qf8+ Kc6 75. Qxc5+ Kxc5 76. Kf2 Kd4 77.
Be6 Kd3 78. Kg2 Ke3 79. Bg4 Ke2 80. Bh5 Ke3 81. Bg4 Ke2 1/2-1/2

[Event "MCR senioru 2014 - nad 50 let"]
[Site "Rychnov nad Kneznou"]
[Date "2014.08.23"]
[Round "8.8"]
[White "Vorel, Bohuslav"]
[Black "Madìra, Stanislav"]
[Result "1-0"]
[WhiteElo "1633"]
[BlackElo "1794"]
[PlyCount "145"]
[EventDate "2014.08.16"]

1. d4 d5 2. Nf3 c6 3. Bf4 Nf6 4. e3 Bf5 5. Bd3 e6 6. Nbd2 Nbd7 7. Ne5 Be7 8.
Ndf3 h6 9. Nxd7 Nxd7 10. Ne5 Nf6 11. h3 Bxd3 12. Qxd3 Ne4 13. Nf3 O-O 14. O-O
f5 15. Be5 Kh7 16. a3 g5 17. Nd2 Rg8 18. f3 Nxd2 19. Qxd2 c5 20. g4 Rc8 21. c3
Rc6 22. Qc2 Qb6 23. gxf5 exf5 24. Qxf5+ Rcg6 25. Qf7+ R8g7 26. Bxg7 Rxg7 27.
Qf5+ Kh8 28. Rab1 Qc7 29. Kg2 Bd6 30. Rh1 Bg3 31. Qg4 Bh4 32. Rhd1 Re7 33. dxc5
Rxe3 34. Qd4+ Qe5 35. Qxe5+ Rxe5 36. Rd3 Kg7 37. Rbd1 Re2+ 38. Kf1 Rf2+ 39. Kg1
Rxb2 40. Rxd5 Kg6 41. R5d4 Bf2+ 42. Kf1 Bxd4 43. Rxd4 Rb3 44. Rc4 Rxa3 45. c6
bxc6 46. Rxc6+ Kf5 47. Kf2 h5 48. Ke3 Ra5 49. Rc7 Re5+ 50. Kf2 a5 51. Rc4 Rd5
52. Ra4 Rd2+ 53. Ke3 Rd5 54. c4 Re5+ 55. Kd4 Kf4 56. c5 Re8 57. Rxa5 Rd8+ 58.
Kc4 Kxf3 59. Ra3+ Ke4 60. Kb5 Rb8+ 61. Kc6 Kd4 62. Ra4+ Ke5 63. Kc7 Rb3 64. c6
Rxh3 65. Rb4 g4 66. Kb7 g3 67. Rb3 h4 68. c7 g2 69. Rxh3 g1=Q 70. c8=Q Qg2+ 71.
Kc7 Qc2+ 72. Kd8 Qd2+ 73. Qd7 1-0

[Event "MCR senioru 2014 - nad 60 let"]
[Site "Rychnov nad Kneznou"]
[Date "2014.08.23"]
[Round "8.1"]
[White "Jerman, Richard"]
[Black "Sejkora, Vlastimil"]
[Result "0-1"]
[WhiteElo "2090"]
[BlackElo "2241"]
[PlyCount "94"]
[EventDate "2014.??.??"]

1. e4 c5 2. Nc3 Nc6 3. Nge2 g6 4. d4 cxd4 5. Nxd4 Bg7 6. Be3 d6 7. Qd2 Nf6 8.
f3 a6 9. O-O-O Bd7 10. g4 Rc8 11. h4 b5 12. Nd5 Qa5 13. Qxa5 Nxa5 14. Nb6 Rb8
15. Nxd7 Nxd7 16. Nb3 Nxb3+ 17. axb3 O-O 18. Bd4 Rfc8 19. Bxg7 Kxg7 20. b4 Nf8
21. g5 Rb6 22. c3 Rc7 23. Bh3 e6 24. Rd2 Nd7 25. Rhd1 Rcc6 26. f4 Kf8 27. e5 d5
28. Bf1 Rc8 29. Kc2 Nb8 30. h5 Nc6 31. hxg6 hxg6 32. Rh2 Ke7 33. Kb3 a5 34.
bxa5 Nxa5+ 35. Kc2 b4 36. Ra1 bxc3 37. bxc3 Nc6 38. Kd1 Rb3 39. c4 dxc4 40.
Bxc4 Rb4 41. Be2 Rxf4 42. Bb5 Rd4+ 43. Ke1 Nxe5 44. Ra7+ Nd7 45. Rf2 Rc5 46.
Rb2 Rxg5 47. Bc6 Rc5 0-1

[Event "MCR senioru 2014 - nad 60 let"]
[Site "Rychnov nad Kneznou"]
[Date "2014.08.23"]
[Round "8.2"]
[White "Pilar, Miloslav"]
[Black "Jablecnik, Gustav"]
[Result "1/2-1/2"]
[WhiteElo "2225"]
[BlackElo "2107"]
[PlyCount "98"]
[EventDate "2014.??.??"]

1. Nf3 Nc6 2. d4 d5 3. Bf4 Bg4 4. e3 e6 5. Be2 Bxf3 6. Bxf3 Bd6 7. Bxd6 Qxd6 8.
O-O Nf6 9. c4 O-O 10. cxd5 Nxd5 11. Nc3 Nd8 12. Rc1 Nxc3 13. Rxc3 c6 14. Qc2
Rc8 15. Rc1 f5 16. a3 g5 17. g3 Rc7 18. Rd3 Rcf7 19. Qc5 Qxc5 20. dxc5 Re7 21.
Bg2 Nf7 22. f4 g4 23. Rcd1 Rc8 24. Kf2 Kf8 25. Rd7 Ke8 26. Rxe7+ Kxe7 27. e4
Rd8 28. Rxd8 Nxd8 29. Ke3 Kf6 30. b4 h5 31. Kd4 Nf7 32. exf5 Kxf5 33. Be4+ Kf6
34. b5 e5+ 35. Ke3 exf4+ 36. Kxf4 Nd8 37. bxc6 bxc6 38. Bf5 Nb7 39. Bd7 Nxc5
40. Bxc6 Ne6+ 41. Ke4 Ng5+ 42. Kd4 Ke6 43. a4 Kd6 44. Be8 Ne6+ 45. Kc4 Nc5 46.
Kb5 h4 47. gxh4 Nxa4 48. h5 Nc3+ 49. Kc4 Ne4 1/2-1/2

[Event "MCR senioru 2014 - nad 60 let"]
[Site "Rychnov nad Kneznou"]
[Date "2014.08.23"]
[Round "8.3"]
[White "Janda, Zdenek"]
[Black "Drabek, Miloslav"]
[Result "1-0"]
[WhiteElo "2183"]
[BlackElo "2028"]
[PlyCount "137"]
[EventDate "2014.??.??"]

1. c4 Nf6 2. b3 d6 3. Bb2 e5 4. g3 Be7 5. Bg2 c6 6. d3 O-O 7. Nf3 Nbd7 8. O-O
Qc7 9. Nc3 Nc5 10. b4 Ne6 11. e3 Bd7 12. a3 Rac8 13. Rc1 Qb8 14. d4 e4 15. Nd2
d5 16. Qb3 Nc7 17. cxd5 cxd5 18. Rc2 Rfd8 19. f3 exf3 20. Bxf3 Be6 21. Ne2 Nce8
22. Nf4 Rxc2 23. Qxc2 Nd6 24. Qb3 Nde8 25. e4 Nc7 26. e5 Nd7 27. Nxe6 fxe6 28.
Bg4 Rf8 29. Rxf8+ Nxf8 30. Qd3 Qe8 31. Qc2 Qd7 32. Nb3 b6 33. Bc1 Ne8 34. Be2
Qc7 35. Qd2 Qc6 36. h4 Nc7 37. Bd3 Qa4 38. Bc2 Qc6 39. Kf2 Qc4 40. Bb2 Qc6 41.
Nc1 Bd8 42. Ne2 Be7 43. Nf4 Bd8 44. Bd3 Be7 45. Qe2 Bd8 46. Kg2 Be7 47. Kh3 Bd8
48. Nh5 Qe8 49. Bc1 Kh8 50. Qf3 Kg8 51. Qg4 Qf7 52. Be3 Kh8 53. Bg5 Be7 54. Nf4
Kg8 55. h5 Bxg5 56. Qxg5 Qd7 57. h6 Ne8 58. Nh5 Qf7 59. hxg7 Nxg7 60. Nf6+ Kh8
61. Qh6 Nf5 62. Bxf5 exf5 63. Nxd5 Ne6 64. Qh4 Ng5+ 65. Qxg5 Qxd5 66. Qxf5 Qh1+
67. Kg4 Qd1+ 68. Kg5 Qxd4 69. Qf8# 1-0

[Event "MCR senioru 2014 - nad 60 let"]
[Site "Rychnov nad Kneznou"]
[Date "2014.08.23"]
[Round "8.4"]
[White "Jirasek, Jiri"]
[Black "Mlynek, Petr"]
[Result "0-1"]
[WhiteElo "1898"]
[BlackElo "2150"]
[PlyCount "60"]
[EventDate "2014.??.??"]

1. d4 f5 2. c4 Nf6 3. Nc3 g6 4. Nf3 Bg7 5. e3 O-O 6. Be2 d6 7. O-O Nc6 8. Qb3
h6 9. Rd1 Kh7 10. d5 Ne5 11. Nd4 Ne4 12. f3 Nc5 13. Qa3 b6 14. b4 Nb7 15. f4
Ng4 16. Ne6 Bxe6 17. dxe6 a5 18. b5 Nc5 19. Bf3 Rb8 20. e4 Nxe4 21. Bxe4 fxe4
22. Rb1 Qc8 23. Nxe4 Qxe6 24. Qd3 Qf5 25. g3 e5 26. h3 Nf6 27. Nxf6+ Rxf6 28.
Qxf5 Rxf5 29. Be3 exf4 30. g4 Rf7 0-1

[Event "MCR senioru 2014 - nad 60 let"]
[Site "Rychnov nad Kneznou"]
[Date "2014.08.23"]
[Round "8.5"]
[White "Juricek, Stanislav"]
[Black "Sobotnik, Petr"]
[Result "1/2-1/2"]
[WhiteElo "2131"]
[BlackElo "1951"]
[PlyCount "132"]
[EventDate "2014.??.??"]

1. e4 c6 2. d4 d5 3. exd5 cxd5 4. Bd3 Nf6 5. c3 Nc6 6. Bf4 e6 7. Nd2 Bd6 8.
Bxd6 Qxd6 9. Ngf3 O-O 10. O-O Re8 11. Re1 e5 12. dxe5 Nxe5 13. Nxe5 Rxe5 14.
Rxe5 Qxe5 15. Nf3 Qc7 16. h3 Bd7 17. Qc2 Re8 18. Rd1 h6 19. Qd2 a6 20. Re1 Ne4
21. Qc1 Qb6 22. Nd4 Qf6 23. Qc2 Nc5 24. Rxe8+ Bxe8 25. Qe2 Nxd3 26. Qxd3 Bd7
27. a3 Kf8 28. Qg3 Qe7 29. Qc7 Bc6 30. Qxe7+ Kxe7 31. Kf1 Bd7 32. Ke2 h5 33. h4
f6 34. f4 Kd6 35. Kd3 Kc5 36. b4+ Kd6 37. Ke3 Bc8 38. Nb3 b6 39. a4 Bd7 40. a5
bxa5 41. Nxa5 Bb5 42. Nb3 Be8 43. g3 Bb5 44. Nd2 Be8 45. Kd3 Bb5+ 46. Ke3 Be8
47. Nb3 Bb5 48. Nc5 Bf1 49. Kd4 g6 50. Nb3 Bc4 51. Na1 Bb5 52. Nc2 Bd7 53. Ne3
Be6 54. Nd1 Bd7 55. Nb2 Bb5 56. Ke3 Bf1 57. Na4 Bb5 58. Nc5 Bf1 59. Nb3 Bb5 60.
Nd4 Bd7 61. Kd3 Bh3 62. Nb3 Bd7 63. Kd4 Bb5 64. Nc5 Bf1 65. Nb7+ Kc7 66. Na5
Kd6 1/2-1/2

[Event "MCR senioru 2014 - nad 60 let"]
[Site "Rychnov nad Kneznou"]
[Date "2014.08.23"]
[Round "8.6"]
[White "Zboril, Jaroslav"]
[Black "Trojan, Lubos"]
[Result "1/2-1/2"]
[WhiteElo "1973"]
[BlackElo "2032"]
[PlyCount "140"]
[EventDate "2014.??.??"]

1. d4 d5 2. Nf3 e6 3. Bg5 Qd6 4. c3 Qb6 5. Qb3 Nd7 6. Bf4 c5 7. Qxb6 Nxb6 8. e3
Nf6 9. h3 Be7 10. a4 Nbd7 11. Nbd2 O-O 12. Bd3 b6 13. O-O Bb7 14. Ne5 Nxe5 15.
Bxe5 Nd7 16. Bg3 a6 17. Nf3 Rfe8 18. Ne5 Nxe5 19. Bxe5 Rac8 20. Rfc1 f6 21. Bh2
c4 22. Be2 g6 23. g4 Bf8 24. f4 Bg7 25. Bf3 Re7 26. Re1 f5 27. Bg3 Bf6 28. g5
Bg7 29. Kg2 Bc6 30. Rec1 Be8 31. Bd1 Ra7 32. Ra2 Bf8 33. Be1 Rb7 34. Rb1 Rcb8
35. Bd2 b5 36. axb5 axb5 37. Rba1 Be7 38. Ra8 Rxa8 39. Rxa8 Kf7 40. Kf2 Bc6 41.
Ra6 Bd7 42. Ra8 Bd6 43. Bc2 Be8 44. Bd1 Ke7 45. Bc2 Bb8 46. Ra6 Bd7 47. Bd1 Kd8
48. Bc2 Kc7 49. Bd1 Bc6 50. Bc2 Ba7 51. Bd1 Bb6 52. Bc2 Rb8 53. Bd1 Bb7 54. Ra1
Bc6 55. Bc2 Kb7 56. Bd1 Bc7 57. Bc2 Bd6 58. Bd1 Kb6 59. Bc2 b4 60. cxb4 Ra8 61.
Rxa8 Bxa8 62. Ba4 Bc6 63. b5 Bxb5 64. Bc2 Bc6 65. Ke2 Kb5 66. Bc3 Bb4 67. Kd2
Ka5 68. Bd1 Ba4 69. Bxb4+ Kxb4 70. Bxa4 Kxa4 1/2-1/2

[Event "MCR senioru 2014 - nad 60 let"]
[Site "Rychnov nad Kneznou"]
[Date "2014.08.23"]
[Round "8.7"]
[White "Grabow, Holm Pouelsten"]
[Black "Sibl, Vaclav"]
[Result "1/2-1/2"]
[WhiteElo "2150"]
[BlackElo "1965"]
[PlyCount "52"]
[EventDate "2014.??.??"]

1. Nf3 d6 2. c4 e5 3. Nc3 f5 4. d3 g6 5. Bg5 Nf6 6. Nd5 Bg7 7. Qd2 O-O 8. h4 c6
9. Nxf6+ Bxf6 10. g3 Nd7 11. Bg2 Bxg5 12. Nxg5 Nf6 13. d4 Qe7 14. O-O-O e4 15.
e3 b5 16. cxb5 cxb5 17. Kb1 h6 18. Nh3 Be6 19. Nf4 Bf7 20. f3 Rac8 21. Rc1 Qb7
22. fxe4 Nxe4 23. Bxe4 Qxe4+ 24. Ka1 Rfe8 25. Rhe1 Rxc1+ 26. Qxc1 Qb7 1/2-1/2

[Event "MCR senioru 2014 - nad 60 let"]
[Site "Rychnov nad Kneznou"]
[Date "2014.08.23"]
[Round "8.8"]
[White "Chmelik, Jiri"]
[Black "Uhmann, Jan"]
[Result "0-1"]
[WhiteElo "1976"]
[BlackElo "2094"]
[PlyCount "152"]
[EventDate "2014.??.??"]

1. d4 d5 2. c4 e6 3. Nf3 Nf6 4. Bg5 Be7 5. e3 Nbd7 6. Nc3 O-O 7. Qc2 b6 8. Rd1
Bb7 9. a3 c5 10. Bd3 cxd4 11. Nxd4 h6 12. Bxf6 Nxf6 13. O-O Rc8 14. Qe2 Qd7 15.
cxd5 Nxd5 16. Nxd5 Qxd5 17. Nf3 Qh5 18. Ba6 Bxf3 19. gxf3 Qg6+ 20. Kh1 Rc2 21.
Rd2 Rxd2 22. Qxd2 Rd8 23. Qe2 Bf6 24. b3 Qh5 25. a4 Qa5 26. Qc4 Qd2 27. Qc1 Qd5
28. Kg2 Qxb3 29. Bb5 a6 30. Bxa6 Qxa4 31. Qc4 Qa5 32. Rc1 Rb8 33. Bb5 Rd8 34.
Ba6 Rd5 35. Qc8+ Kh7 36. f4 b5 37. Bb7 Rd8 38. Be4+ Kg8 39. Qb7 b4 40. Rc7 Bc3
41. Rxf7 Qh5 42. Rd7 Qg4+ 43. Kf1 Rf8 44. Bf3 Qh3+ 45. Kg1 Qh4 46. Rd6 Be1 47.
Bg2 Qxf2+ 48. Kh1 Bc3 49. Qb5 Qe1+ 50. Qf1 Qxe3 51. Qc4 Qe1+ 52. Bf1 Rf6 53.
Kg2 Rg6+ 54. Kf3 Rf6 55. Qc8+ Rf8 56. Qxe6+ Qxe6 57. Rxe6 Bd2 58. Re4 g5 59.
Bc4+ Kh8 60. Kg4 Rxf4+ 61. Rxf4 gxf4 62. Bd5 Kg7 63. Kf5 Kf8 64. Ke4 Ke7 65.
Kd3 Kd6 66. Bb3 Be3 67. Bf7 Ke5 68. Bb3 Bc5 69. Bd1 Bd6 70. Bf3 Be7 71. Bh5 Bh4
72. Bf3 Be1 73. Kc4 Kf5 74. Kd3 b3 75. Kd4 b2 76. Be4+ Kg4 0-1

[Event "MCR senioru 2014 - nad 60 let"]
[Site "Rychnov nad Kneznou"]
[Date "2014.08.23"]
[Round "8.9"]
[White "Sedlacek, Jan"]
[Black "Hastik, Svatopluk"]
[Result "1/2-1/2"]
[WhiteElo "1891"]
[BlackElo "2075"]
[PlyCount "37"]
[EventDate "2014.??.??"]

1. e4 g6 2. d4 Bg7 3. f4 d6 4. Nc3 Nf6 5. Nf3 O-O 6. e5 dxe5 7. dxe5 Qxd1+ 8.
Kxd1 Ng4 9. Ke1 Nc6 10. h3 Nh6 11. Be3 a6 12. Rd1 Be6 13. a3 f6 14. Nd5 Bxd5
15. Rxd5 fxe5 16. fxe5 e6 17. Rd7 Nf5 18. Bf2 Nxe5 19. Rxg7+ 1/2-1/2

[Event "MCR senioru 2014 - nad 60 let"]
[Site "Rychnov nad Kneznou"]
[Date "2014.08.23"]
[Round "8.10"]
[White "Pavlis, Jaromir"]
[Black "Kotva, Milan"]
[Result "1-0"]
[WhiteElo "1948"]
[BlackElo "2037"]
[PlyCount "132"]
[EventDate "2014.??.??"]

1. d4 d5 2. Bf4 Nf6 3. Nf3 Bf5 4. e3 e6 5. c3 c6 6. Qb3 Qb6 7. Nbd2 Be7 8. Be2
O-O 9. O-O c5 10. Qxb6 axb6 11. Nh4 Bc2 12. Rfc1 Ba4 13. Nhf3 Bc6 14. h3 c4 15.
Ne5 b5 16. a3 Nfd7 17. Bg3 Nb6 18. Rab1 Be8 19. Bd1 f6 20. Nef3 Nc6 21. Ne1 Ra6
22. Bc2 Na4 23. Bxa4 bxa4 24. f3 Bg6 25. Nc2 Na5 26. Ra1 Bxc2 27. Rxc2 f5 28.
Bc7 Nc6 29. f4 g5 30. g3 Kf7 31. Nf3 Rg8 32. Kf2 h6 33. Ne5+ Nxe5 34. Bxe5 Rb6
35. Re2 Rc6 36. Rg1 Rcc8 37. Kf1 Rg6 38. Reg2 Rcg8 39. Kf2 Ke8 40. Ke2 Kd7 41.
Kf3 b5 42. g4 fxg4+ 43. Rxg4 h5 44. R4g2 g4+ 45. hxg4 Rxg4 46. Rxg4 Rxg4 47.
Rh1 Bh4 48. Rh2 Ke8 49. e4 Kf7 50. exd5 exd5 51. f5 Kg8 52. Rh1 Kh7 53. Rh2 Kh6
54. Bd6 Bg5 55. Re2 Rg1 56. Re5 Rf1+ 57. Kg2 Rb1 58. Bf8+ Kh7 59. Rxd5 Rxb2+
60. Kh1 h4 61. Bb4 h3 62. f6 Kg6 63. Rxg5+ Kxg5 64. f7 Kg4 65. f8=Q Rb1+ 66.
Kh2 Rb2+ 1-0

[Event "MCR senioru 2014 - nad 60 let"]
[Site "Rychnov nad Kneznou"]
[Date "2014.08.23"]
[Round "8.11"]
[White "Brhlík, Antonín"]
[Black "Just, Pavel"]
[Result "0-1"]
[WhiteElo "1688"]
[BlackElo "2013"]
[PlyCount "144"]
[EventDate "2014.08.16"]

1. e4 e5 2. Nf3 Nc6 3. Bb5 Nf6 4. O-O Nxe4 5. d4 Nd6 6. Bxc6 dxc6 7. dxe5 Nf5
8. Qxd8+ Kxd8 9. Nc3 Ke8 10. b3 h6 11. Bb2 Be7 12. Ne4 Be6 13. Rad1 Rd8 14.
Rxd8+ Kxd8 15. Rd1+ Kc8 16. Nc3 Rd8 17. Rxd8+ Kxd8 18. Kf1 Kd7 19. h3 c5 20.
Ne2 g5 21. g4 Ng7 22. Ng3 Bd5 23. Nd2 Ne6 24. Ne2 b6 25. f3 Bb7 26. c4 Bf8 27.
Kf2 Be7 28. Ne4 Bxe4 29. fxe4 Nf8 30. Ng3 Ng6 31. Nf5 Bf8 32. Kf3 Ke6 33. Ne3
Bg7 34. Nf5 Bxe5 35. Bc1 Bf4 36. Bb2 Be5 37. Bc1 Bd4 38. Nxh6 Nh4+ 39. Kg3 f6
40. Nf5 Ng6 41. Ng7+ Ke5 42. Nf5 Kxe4 43. h4 gxh4+ 44. Kh3 Be5 45. Nxh4 Nxh4
46. Kxh4 Kd3 47. Kh5 Kc2 48. Bh6 Kb1 49. a4 Kc2 50. Bg7 Bd4 51. Kg6 Kxb3 52.
Bxf6 Kxc4 53. Kf5 Be3 54. g5 Bxg5 55. Bxg5 Kb4 56. a5 Kxa5 57. Bf4 c6 58. Bb8
a6 59. Bc7 Kb5 60. Ke4 a5 61. Kd3 c4+ 62. Kc3 a4 63. Kb2 Kc5 64. Bd8 b5 65.
Be7+ Kd5 66. Kc3 c5 67. Kb2 b4 68. Kb1 c3 69. Kc2 Kc4 70. Bf6 b3+ 71. Kb1 a3
72. Bg5 Kd3 0-1

[Event "MCR senioru 2014 - nad 60 let"]
[Site "Rychnov nad Kneznou"]
[Date "2014.08.23"]
[Round "8.12"]
[White "Novotný, Josef"]
[Black "Klimeš, Jiøí"]
[Result "1-0"]
[WhiteElo "2134"]
[BlackElo "1889"]
[PlyCount "47"]
[EventDate "2014.08.16"]

1. e3 e5 2. d3 d5 3. Nf3 Nc6 4. b3 Bg4 5. Be2 f5 6. Bb2 Bd6 7. Nbd2 Nf6 8. c3
Qe7 9. a3 O-O-O 10. b4 f4 11. e4 dxe4 12. dxe4 Rd7 13. Qa4 Rhd8 14. O-O Bxf3
15. gxf3 Bxb4 16. Nb3 Bc5 17. Bb5 Kb8 18. Bxc6 bxc6 19. Na5 Rd6 20. Rab1 Qd7
21. c4 Nxe4 22. Bxe5+ Ka8 23. Bxd6 Qxd6 24. Qxc6+ 1-0

[Event "MCR senioru 2014 - nad 60 let"]
[Site "Rychnov nad Kneznou"]
[Date "2014.08.23"]
[Round "8.13"]
[White "Doležal, Radoslav"]
[Black "Majerik, Vladimír"]
[Result "1/2-1/2"]
[WhiteElo "1956"]
[BlackElo "1885"]
[PlyCount "20"]
[EventDate "2014.08.16"]

1. e4 c6 2. d4 d5 3. Nd2 dxe4 4. Nxe4 Nf6 5. Nxf6+ gxf6 6. Nf3 Bf5 7. Bd3 Bg6
8. Bxg6 hxg6 9. Be3 e6 10. Qe2 Qa5+ 1/2-1/2

[Event "MCR senioru 2014 - nad 60 let"]
[Site "Rychnov nad Kneznou"]
[Date "2014.08.23"]
[Round "8.14"]
[White "Miciak, Emanuel"]
[Black "Rùèka, Alois"]
[Result "1/2-1/2"]
[WhiteElo "1865"]
[BlackElo "1936"]
[PlyCount "55"]
[EventDate "2014.08.16"]

1. d4 Nf6 2. c4 e6 3. Nf3 b6 4. g3 Bb7 5. Bg2 Bb4+ 6. Nbd2 O-O 7. O-O c5 8.
dxc5 Bxc5 9. Nb3 Be7 10. Nbd4 Nc6 11. Nxc6 Bxc6 12. b3 Qc8 13. Bb2 Qb7 14. Rc1
Rfd8 15. e3 d6 16. Qe2 a6 17. Bxf6 Bxf6 18. Ne1 d5 19. a4 b5 20. cxd5 exd5 21.
Qa2 Rac8 22. Nd3 d4 23. Bxc6 Rxc6 24. Rxc6 Qxc6 25. Rc1 Qf3 26. Ne1 Qe4 27.
exd4 Bxd4 28. Qc2 1/2-1/2

[Event "MCR senioru 2014 - nad 60 let"]
[Site "Rychnov nad Kneznou"]
[Date "2014.08.23"]
[Round "8.15"]
[White "Švéda, Jiøí"]
[Black "Kindl, František"]
[Result "1-0"]
[WhiteElo "1927"]
[BlackElo "1857"]
[PlyCount "81"]
[EventDate "2014.08.16"]

1. e4 c5 2. Nf3 Nc6 3. Bc4 g6 4. c3 Bg7 5. d3 e6 6. Qe2 Nge7 7. Bb3 O-O 8. O-O
Qc7 9. Re1 b5 10. Bg5 d6 11. Qe3 Bb7 12. Nbd2 Rac8 13. Bh6 Qd7 14. a3 Na5 15.
Ba2 d5 16. Bxg7 Kxg7 17. Ne5 Qc7 18. Ng4 f5 19. Qh6+ Kh8 20. exf5 Nxf5 21. Qg5
Qf7 22. Nf3 Rce8 23. Nge5 Qe7 24. d4 cxd4 25. cxd4 Nc4 26. b3 Nxe5 27. Rxe5 Nd6
28. Bb1 Nf7 29. Qg3 Nxe5 30. Nxe5 Rf6 31. Bd3 Ref8 32. Rf1 Rc8 33. Bxb5 Rc2 34.
Nd7 Rf7 35. Qb8+ Bc8 36. Nc5 Qf8 37. Bd3 Rc3 38. Qb5 Rxd3 39. Nxd3 Rb7 40. Qc6
Rb8 41. b4 1-0

[Event "MCR senioru 2014 - nad 60 let"]
[Site "Rychnov nad Kneznou"]
[Date "2014.08.23"]
[Round "8.16"]
[White "Portych, Václav"]
[Black "Koèí, Ladislav"]
[Result "1/2-1/2"]
[WhiteElo "1823"]
[BlackElo "1915"]
[PlyCount "63"]
[EventDate "2014.08.16"]

1. c4 Nf6 2. Nc3 g6 3. g3 Bg7 4. Bg2 O-O 5. d4 d6 6. e3 c6 7. Nge2 e5 8. O-O
Na6 9. a3 Bg4 10. b4 exd4 11. exd4 Nc7 12. Bb2 d5 13. c5 Qd7 14. a4 Bh6 15. Bc1
g5 16. Be3 Bh3 17. Qd2 Qf5 18. b5 Rae8 19. Rad1 Bxg2 20. Kxg2 Ng4 21. Nc1 Qg6
22. bxc6 bxc6 23. Rde1 f5 24. f3 Nxe3+ 25. Rxe3 f4 26. Rxe8 Rxe8 27. g4 Qe6 28.
N3e2 Bg7 29. Qa5 Qd7 30. Qxa7 Ra8 31. Qb7 Rxa4 32. Rd1 1/2-1/2

[Event "MCR senioru 2014 - nad 60 let"]
[Site "Rychnov nad Kneznou"]
[Date "2014.08.23"]
[Round "8.17"]
[White "Lexa, Václav"]
[Black "Prachaø, Josef"]
[Result "0-1"]
[WhiteElo "1900"]
[BlackElo "1832"]
[PlyCount "55"]
[EventDate "2014.08.16"]

1. d4 Nf6 2. c4 e6 3. Nc3 c5 4. d5 exd5 5. cxd5 d6 6. e4 g6 7. h3 Bg7 8. Bf4
O-O 9. Nf3 a6 10. a4 Re8 11. Nd2 Nxe4 12. Ncxe4 f5 13. Qc2 fxe4 14. Nc4 Qf6 15.
Nxd6 Qxb2 16. Rc1 Qxc2 17. Rxc2 Rf8 18. Bg5 Bd4 19. Be7 Bd7 20. Bxf8 Kxf8 21.
Nxb7 Bxa4 22. Rc1 Nd7 23. Nd6 Nf6 24. Be2 Ke7 25. Nxe4 Nxe4 26. Bf3 Bxf2+ 27.
Kf1 Bb5+ 28. Be2 0-1

[Event "MCR senioru 2014 - nad 60 let"]
[Site "Rychnov nad Kneznou"]
[Date "2014.08.23"]
[Round "8.18"]
[White "Haderka, Karel"]
[Black "Innemann, František"]
[Result "1/2-1/2"]
[WhiteElo "1836"]
[BlackElo "1906"]
[PlyCount "130"]
[EventDate "2014.08.16"]

1. c4 e5 2. Nc3 Nc6 3. g3 b6 4. Bg2 Bb7 5. e3 Na5 6. Bxb7 Nxb7 7. Nge2 f5 8. d4
e4 9. Nf4 Nf6 10. Ncd5 c6 11. Nxf6+ Qxf6 12. Bd2 Bd6 13. Bc3 Bxf4 14. gxf4 Qf7
15. Qe2 d5 16. cxd5 Qxd5 17. Qh5+ g6 18. Qg5 Kf7 19. Rg1 Qd8 20. h4 Qxg5 21.
hxg5 h5 22. gxh6 Rxh6 23. Ke2 Nd6 24. Rg2 a5 25. Rd1 Nb5 26. a4 Nc7 27. Rc1 Nd5
28. Bd2 Rc8 29. Rgg1 Nf6 30. Rc2 Ke6 31. Rc3 Nd5 32. Rcc1 Kd7 33. Rg5 Nf6 34.
Rg2 Rch8 35. Rcg1 Ng4 36. Rd1 Ke6 37. b4 axb4 38. Bxb4 Rh2 39. Rxh2 Rxh2 40.
Be1 Rh7 41. Rb1 Rb7 42. a5 b5 43. Bb4 Ra7 44. Rc1 Ra6 45. Rc5 Nf6 46. Re5+ Kf7
47. Re7+ Kg8 48. Rb7 Nd5 49. Bd2 Kf8 50. Kf1 Ra8 51. Kg2 b4 52. Bxb4+ Nxb4 53.
Rxb4 Rxa5 54. Rb6 c5 55. dxc5 Rxc5 56. Rxg6 Kf7 57. Rg5 Kf6 58. Rh5 Rc2 59.
Rh6+ Kg7 60. Rb6 Rd2 61. Kg3 Rd1 62. Kh4 Rg1 63. Kh5 Rg2 64. Rc6 Kf7 65. Rb6
Rg1 1/2-1/2

[Event "MCR senioru 2014 - nad 60 let"]
[Site "Rychnov nad Kneznou"]
[Date "2014.08.23"]
[Round "8.19"]
[White "Láska, Zdenìk"]
[Black "Franc, Lubor"]
[Result "0-1"]
[WhiteElo "1823"]
[BlackElo "1905"]
[PlyCount "64"]
[EventDate "2014.08.16"]

1. d4 Nf6 2. c4 g6 3. Nc3 d5 4. Bf4 c6 5. e3 Bg7 6. h3 O-O 7. Nf3 Qb6 8. Rb1
Bf5 9. Bd3 dxc4 10. Bxf5 gxf5 11. Qa4 Nd5 12. O-O Nxf4 13. exf4 Qc7 14. Qxc4
Qxf4 15. Qb4 Qc7 16. Qc4 e6 17. Rbc1 Qd6 18. Qc5 Qxc5 19. dxc5 Na6 20. Na4 Rfd8
21. Rfd1 Bh6 22. Rb1 Bf8 23. Rbc1 Rxd1+ 24. Rxd1 Nxc5 25. Nxc5 Bxc5 26. Rd7 f6
27. Rxb7 Rd8 28. Rb3 Rd1+ 29. Kh2 Bxf2 30. Rc3 f4 31. h4 Bg3+ 32. Kh3 h5 0-1

[Event "MCR senioru 2014 - nad 60 let"]
[Site "Rychnov nad Kneznou"]
[Date "2014.08.23"]
[Round "8.20"]
[White "Tomèík, Alexander"]
[Black "Koøínek, Jaroslav"]
[Result "1/2-1/2"]
[WhiteElo "1862"]
[BlackElo "1810"]
[PlyCount "100"]
[EventDate "2014.08.16"]

1. d4 Nf6 2. c4 c6 3. Nc3 d5 4. Nf3 Bg4 5. Ne5 Bh5 6. Qb3 Qb6 7. c5 Qxb3 8.
axb3 Nbd7 9. Bf4 Nxe5 10. Bxe5 Nd7 11. Bg3 e5 12. e3 Be7 13. b4 Bf6 14. dxe5
Bxe5 15. Bxe5 Nxe5 16. Be2 Bg6 17. O-O Bd3 18. Rfd1 Bxe2 19. Nxe2 O-O 20. Nd4
a6 21. h3 g6 22. b3 Rfe8 23. Rd2 Nd7 24. Rda2 Ne5 25. b5 Nd3 26. bxc6 bxc6 27.
Rxa6 Rxa6 28. Rxa6 Nxc5 29. Rxc6 Ne6 30. Nc2 Rb8 31. Rc3 Kf8 32. Kf1 Ke7 33.
Ke2 Kd6 34. b4 Kd7 35. Kd3 Kd6 36. Ra3 Rb7 37. f4 h5 38. g4 hxg4 39. hxg4 Ke7
40. Ra1 Nc7 41. Rb1 Kd6 42. Nd4 f6 43. b5 Rb6 44. Rc1 Nxb5 45. Rb1 Kc5 46.
Rxb5+ Rxb5 47. Nxb5 Kxb5 48. e4 dxe4+ 49. Kxe4 Kc5 50. g5 fxg5 1/2-1/2

[Event "MCR senioru 2014 - nad 60 let"]
[Site "Rychnov nad Kneznou"]
[Date "2014.08.23"]
[Round "8.21"]
[White "Milián, Milan"]
[Black "Stankev, Martin"]
[Result "1/2-1/2"]
[WhiteElo "1861"]
[BlackElo "1804"]
[PlyCount "58"]
[EventDate "2014.08.16"]

1. e4 e6 2. d4 d5 3. Nd2 Nf6 4. exd5 exd5 5. Bd3 Bd6 6. Ngf3 O-O 7. O-O Bg4 8.
Re1 Nbd7 9. Nf1 Re8 10. Rxe8+ Qxe8 11. Ne3 Bh5 12. Nf5 Bxf3 13. gxf3 Bf8 14.
Bf4 g6 15. Nh6+ Kh8 16. Ng4 c6 17. Qd2 Nxg4 18. Re1 Nge5 19. dxe5 Qe6 20. Kh1
Bg7 21. Bg3 Nc5 22. Bf1 Qf5 23. Qc3 Re8 24. Qxc5 h5 25. f4 Bh6 26. Bd3 Qg4 27.
Be2 Qh3 28. Bf1 Qf5 29. Bd3 Qg4 1/2-1/2

[Event "MCR senioru 2014 - nad 60 let"]
[Site "Rychnov nad Kneznou"]
[Date "2014.08.23"]
[Round "8.22"]
[White "Glöckner, Jaromír"]
[Black "Istel, Oldøich"]
[Result "1-0"]
[WhiteElo "1848"]
[BlackElo "1798"]
[PlyCount "67"]
[EventDate "2014.08.16"]

1. e4 e5 2. Nc3 Nf6 3. f4 d6 4. Bc4 Nbd7 5. Nf3 Be7 6. O-O O-O 7. d3 exf4 8.
Bxf4 a6 9. a4 Nc5 10. b4 Ne6 11. Bd2 c5 12. Nd5 Nxd5 13. Bxd5 Bf6 14. Rb1 Qc7
15. c4 Rb8 16. Be3 Nd4 17. h3 Be6 18. Nh2 Bxd5 19. cxd5 Rbc8 20. Rxf6 gxf6 21.
Bh6 Kh8 22. Bxf8 Rxf8 23. bxc5 dxc5 24. Qf1 Rg8 25. Qxf6+ Rg7 26. d6 Qd7 27.
Ng4 Ne6 28. Ne5 Qxa4 29. Nxf7+ Kg8 30. Nh6+ Kh8 31. Rxb7 Qe8 32. Nf5 Qg8 33.
Rxg7 Nxg7 34. d7 1-0